|
|
|
|
| LEADER |
02574nam a2200469 4500 |
| 001 |
978-981-10-7173-7 |
| 003 |
DE-He213 |
| 005 |
20191029001113.0 |
| 007 |
cr nn 008mamaa |
| 008 |
180313s2018 si | s |||| 0|eng d |
| 020 |
|
|
|a 9789811071737
|9 978-981-10-7173-7
|
| 024 |
7 |
|
|a 10.1007/978-981-10-7173-7
|2 doi
|
| 040 |
|
|
|d GrThAP
|
| 050 |
|
4 |
|a HF5549.5.C53
|
| 072 |
|
7 |
|a KJMB
|2 bicssc
|
| 072 |
|
7 |
|a BUS106000
|2 bisacsh
|
| 072 |
|
7 |
|a KJMB
|2 thema
|
| 082 |
0 |
4 |
|a 658.3124
|2 23
|
| 100 |
1 |
|
|a Gwee, June.
|e author.
|4 aut
|4 http://id.loc.gov/vocabulary/relators/aut
|
| 245 |
1 |
4 |
|a The Case Writer's Toolkit
|h [electronic resource] /
|c by June Gwee.
|
| 250 |
|
|
|a 1st ed. 2018.
|
| 264 |
|
1 |
|a Singapore :
|b Springer Singapore :
|b Imprint: Palgrave Macmillan,
|c 2018.
|
| 300 |
|
|
|a XXVI, 236 p. 32 illus.
|b online resource.
|
| 336 |
|
|
|a text
|b txt
|2 rdacontent
|
| 337 |
|
|
|a computer
|b c
|2 rdamedia
|
| 338 |
|
|
|a online resource
|b cr
|2 rdacarrier
|
| 347 |
|
|
|a text file
|b PDF
|2 rda
|
| 505 |
0 |
|
|a Part I Function -- 1. Introduction -- Part II Process -- 2. The Writer's Compass -- 3. The Case Roundel -- 4. The Research Rhombus -- Part III Form -- 5. The Case Jigsaw -- Part IV Craft -- 6. The Chronicler's Rune -- Part V Composition -- 7. Writing the Case Study -- 8. The Editor's Rubric -- Part VI Teach -- 9. The Case Method -- 10. The Teaching Note.
|
| 520 |
|
|
|a This book deconstructs the case study, describes the case writing process and explains how a good case study is composed. It is a reference book that accompanies case writers on their case writing journey. It serves as a guide for writers to develop case studies for teaching, research, and knowledge-capture. There are illustrations and charts to help writers visualise concepts, signpost ideas, break down complex information and apply techniques in a practical manner.
|
| 650 |
|
0 |
|a Employees-Coaching of.
|
| 650 |
|
0 |
|a Career education.
|
| 650 |
|
0 |
|a Sociology-Research.
|
| 650 |
1 |
4 |
|a Coaching.
|0 http://scigraph.springernature.com/things/product-market-codes/517030
|
| 650 |
2 |
4 |
|a Career Skills.
|0 http://scigraph.springernature.com/things/product-market-codes/O53020
|
| 650 |
2 |
4 |
|a Research Methodology.
|0 http://scigraph.springernature.com/things/product-market-codes/X22190
|
| 710 |
2 |
|
|a SpringerLink (Online service)
|
| 773 |
0 |
|
|t Springer eBooks
|
| 776 |
0 |
8 |
|i Printed edition:
|z 9789811071720
|
| 776 |
0 |
8 |
|i Printed edition:
|z 9789811071744
|
| 856 |
4 |
0 |
|u https://doi.org/10.1007/978-981-10-7173-7
|z Full Text via HEAL-Link
|
| 912 |
|
|
|a ZDB-2-BUM
|
| 950 |
|
|
|a Business and Management (Springer-41169)
|